<?xml version="1.0" encoding="UTF-8"?>
<record
    xmlns:xsi="http://www.w3.org/2001/XMLSchema-instance"
    xsi:schemaLocation="http://www.loc.gov/MARC21/slim http://www.loc.gov/standards/marcxml/schema/MARC21slim.xsd"
    xmlns="http://www.loc.gov/MARC21/slim">

  <leader>01907nam0a22003011  4500</leader>
  <controlfield tag="001">RU\NLR\INFOCOMM_253\5000054805</controlfield>
  <controlfield tag="005">20250613101556.0</controlfield>
  <datafield tag="035" ind1=" " ind2=" ">
    <subfield code="a">(NLR Aleph) 009383759</subfield>
  </datafield>
  <datafield tag="090" ind1=" " ind2=" ">
    <subfield code="a">7998981</subfield>
    <subfield code="c">7998981</subfield>
  </datafield>
  <datafield tag="100" ind1=" " ind2=" ">
    <subfield code="a">20101228d1979    |||y0rusy50      ca</subfield>
  </datafield>
  <datafield tag="101" ind1="0" ind2=" ">
    <subfield code="a">eng</subfield>
  </datafield>
  <datafield tag="102" ind1=" " ind2=" ">
    <subfield code="a">RU</subfield>
  </datafield>
  <datafield tag="105" ind1=" " ind2=" ">
    <subfield code="a">a   ||||000|y</subfield>
  </datafield>
  <datafield tag="200" ind1="1" ind2=" ">
    <subfield code="a">Precambrian iron ore deposits of the USSR</subfield>
    <subfield code="f">V. M. Grigoriev</subfield>
    <subfield code="g">UN. Centre for natural resources, energy a. transport, State comm. for external econ. relation (GKES), USSR Acad. of sciences. Intern. geol. correlation progr. (ISCP). The Precambrian metallogeny project, Inst. of lithosphere, Interreg. seminar of the development potential of Precambrian mineral deposits, 1-15 Aug., Moscow</subfield>
  </datafield>
  <datafield tag="210" ind1=" " ind2=" ">
    <subfield code="a">&#x41C;&#x43E;&#x441;&#x43A;&#x432;&#x430;</subfield>
    <subfield code="c">&#x418;&#x43D;-&#x442; &#x43B;&#x438;&#x442;&#x43E;&#x441;&#x444;&#x435;&#x440;&#x44B; &#x410;&#x41D; &#x421;&#x421;&#x421;&#x420;</subfield>
    <subfield code="d">1979</subfield>
  </datafield>
  <datafield tag="215" ind1=" " ind2=" ">
    <subfield code="a">16 &#x441;.</subfield>
    <subfield code="c">&#x438;&#x43B;.</subfield>
    <subfield code="d">21 &#x441;&#x43C;</subfield>
  </datafield>
  <datafield tag="300" ind1=" " ind2=" ">
    <subfield code="a">&#x41D;&#x430; &#x432;&#x43A;&#x43B;&#x430;&#x434;&#x43A;&#x435;: &#x416;&#x435;&#x43B;&#x435;&#x437;&#x43E;&#x440;&#x443;&#x434;&#x43D;&#x44B;&#x435; &#x43C;&#x435;&#x441;&#x442;&#x43E;&#x440;&#x43E;&#x436;&#x434;&#x435;&#x43D;&#x438;&#x44F; &#x421;&#x421;&#x421;&#x420; / &#x412;. &#x41C;. &#x413;&#x440;&#x438;&#x433;&#x43E;&#x440;&#x44C;&#x435;&#x432;. &#x413;&#x435;&#x43E;&#x445;&#x438;&#x43C;&#x438;&#x447;&#x435;&#x441;&#x43A;&#x438;&#x435; &#x43C;&#x435;&#x442;&#x43E;&#x434;&#x44B; &#x43F;&#x43E;&#x438;&#x441;&#x43A;&#x43E;&#x432; &#x438; &#x43E;&#x446;&#x435;&#x43D;&#x43A;&#x438; &#x43C;&#x435;&#x441;&#x442;&#x43E;&#x440;&#x43E;&#x436;&#x434;&#x435;&#x43D;&#x438;&#x439; &#x43F;&#x43E;&#x43B;&#x435;&#x437;&#x43D;&#x44B;&#x445; &#x438;&#x441;&#x43A;&#x43E;&#x43F;&#x430;&#x435;&#x43C;&#x44B;&#x445; / &#x421;. &#x412;. &#x413;&#x440;&#x438;&#x433;&#x43E;&#x440;&#x44F;&#x43D;</subfield>
  </datafield>
  <datafield tag="320" ind1=" " ind2=" ">
    <subfield code="a">&#x411;&#x438;&#x431;&#x43B;&#x438;&#x43E;&#x433;&#x440;.: &#x441;. 16</subfield>
  </datafield>
  <datafield tag="423" ind1=" " ind2="0">
    <subfield code="1">2001#$aGeochemical exploration and estimation methods for Precambrian mineral deposits$fS. V. Grigorian</subfield>
    <subfield code="1">700#1$9z01790$aGrigorjan$bS. V.$gSergej Vagar&#x161;akovi&#x10D;$4070</subfield>
    <subfield code="1">790#1$9z01700$aGrigorian$bS. V.$4070</subfield>
    <subfield code="t">Geochemical exploration and estimation methods for Precambrian mineral deposits</subfield>
    <subfield code="a">Grigorjan, Sergej Vagar&#x161;akovi&#x10D;</subfield>
  </datafield>
  <datafield tag="686" ind1=" " ind2=" ">
    <subfield code="a">&#x414;451.21-09(&#x433;)</subfield>
    <subfield code="2">rubbk</subfield>
  </datafield>
  <datafield tag="700" ind1=" " ind2="1">
    <subfield code="9">z01790</subfield>
    <subfield code="a">Grigor'ev</subfield>
    <subfield code="b">V. M.</subfield>
    <subfield code="g">Valentin Michajlovi&#x10D;</subfield>
    <subfield code="4">070</subfield>
  </datafield>
  <datafield tag="712" ind1="0" ind2="2">
    <subfield code="a">United Nations</subfield>
    <subfield code="b">Interregional seminar of the development potential of Precambrian mineral deposits</subfield>
    <subfield code="e">Moscow</subfield>
    <subfield code="f">1979</subfield>
    <subfield code="4">570</subfield>
  </datafield>
  <datafield tag="790" ind1=" " ind2="1">
    <subfield code="9">z01700</subfield>
    <subfield code="a">Grigoriev</subfield>
    <subfield code="b">V. M.</subfield>
    <subfield code="4">070</subfield>
  </datafield>
  <datafield tag="801" ind1=" " ind2="1">
    <subfield code="a">RU</subfield>
    <subfield code="b">NLR</subfield>
    <subfield code="c">20101228</subfield>
  </datafield>
  <datafield tag="801" ind1=" " ind2="0">
    <subfield code="a">RU</subfield>
    <subfield code="b">NLR</subfield>
    <subfield code="g">PSBO</subfield>
  </datafield>
  <datafield tag="852" ind1=" " ind2=" ">
    <subfield code="a">NLR</subfield>
    <subfield code="j">&#x413;&#x43D;01 &#x414;-4/197</subfield>
  </datafield>
  <datafield tag="942" ind1=" " ind2=" ">
    <subfield code="c">BOOK</subfield>
  </datafield>
  <datafield tag="980" ind1=" " ind2=" ">
    <subfield code="a">NB</subfield>
  </datafield>
  <datafield tag="995" ind1=" " ind2=" ">
    <subfield code="5">2013-10-26</subfield>
    <subfield code="b">NLR01</subfield>
    <subfield code="c">NLR01</subfield>
    <subfield code="e">IF</subfield>
    <subfield code="f">9383759-10</subfield>
    <subfield code="k">&#x413;&#x43D;01 &#x414;-4/197</subfield>
    <subfield code="o">0</subfield>
    <subfield code="r">BOOK</subfield>
    <subfield code="s">01_4197</subfield>
  </datafield>
</record>
